000 00752nam a2200241Ia 4500
003 OSt
005 20220926000821.0
006 a|||||r|||| 00| 0
007 ta
008 220923b |||||||| |||| 00| 0 eng d
037 _cGeneral Book
040 _aRTL
_cRTL
_beng
041 _2eng
_aeng
082 _aU45.252.N8, M5
100 _aSingh Alok Kumar
_9257935
245 0 _aPopulation and settlement in U P
_b A geographical Analysis
260 _a New Delhi
_bInter-India Publications India
_c1985
300 _axix,231p.
_ccm.
500 _aBib p. 218-23; Appendix p. 214-25; Glossary p. 224-25
650 _aRural Geography
942 _hU45.252.N8, M5
_cGB
_2CC
999 _c599823
_d599823